000 00422nam a22001697a 4500
003 UA-OsUOA
001 5129
007 ta
008 20050721b un ||||| |||| 00| 0 ukr d
100 _aБурак
700 _aА. Л.
942 _cBK
040 _aUA-OsUOA
_cUA-OsUOA
_dUA-OsUOA
245 _aВведение в практику письменного перевода...
_bTranslation
955 _a2
650 7 _2UDC
999 _c291291
_d291291